000 01279nam a2200349Ia 4500
001 ebr10150392
003 CaPaEBR
006 m u
007 cr cn|||||||||
008 050913s2006 nyu sb 001 0 eng d
010 _z 2005054723
020 _z1403983054
020 _z1403970378
024 3 _z9781403970374
040 _aCaPaEBR
_cCaPaEBR
035 _a(OCoLC)567964983
050 1 4 _aT65.3
_b.D44 2006eb
082 0 4 _a600
_222
245 0 0 _aDefining technological literacy
_h[electronic resource] :
_btowards an epistemological framework /
_cedited by John R. Dakers.
250 _a1st ed.
260 _aNew York :
_bPalgrave Macmillan,
_c2006.
300 _ax, 334 p.
504 _aIncludes bibliographical references and indexes.
533 _aElectronic reproduction.
_bPalo Alto, Calif. :
_cebrary,
_d2009.
_nAvailable via World Wide Web.
_nAccess may be limited to ebrary affiliated libraries.
650 0 _aTechnological literacy.
650 0 _aTechnical education.
650 0 _aTechnology
_xPhilosophy.
655 7 _aElectronic books.
_2local
700 1 _aDakers, John R.
710 2 _aebrary, Inc.
856 4 0 _uhttp://site.ebrary.com/lib/rucke/Doc?id=10150392
_zAn electronic book accessible through the World Wide Web; click to view
999 _c94590
_d94590